[Event "ESP-ch U18"]
[Site "Salobrena"]
[Date "2012.07.25"]
[Round "4"]
[White "Perez Barreto, Adrian"]
[Black "Villasenor Rubio, Emilio Jose"]
[Result "0-1"]
[WhiteElo "1961"]
[BlackElo "2159"]
[PlyCount "66"]
[EventDate "2012.07.23"]
[EventType "swiss"]
[EventRounds "9"]
[EventCountry "ESP"]
[SourceTitle "EXT 2014"]
[Source "ChessBase"]
[SourceDate "2013.11.20"]
[SourceVersion "1"]
[SourceVersionDate "2013.11.20"]
[SourceQuality "1"]

1. d4 Nf6 2. c4 g6 3. Nc3 Bg7 4. e4 d6 5. Nf3 0-0 6. Be2 e5 7. 0-0 Na6 8. Be3 Ng4 9. Bg5 Qe8 10. h3 h6 11. Bc1 exd4 12. Nxd4 Nf6 13. f3 c6 14. Be3 Qe7 15. Qd2 Kh7 16. a3 Re8 17. Rfe1 Nc7 18. Nc2 Ne6 19. b4 Nh5 20. b5 Nhf4 21. Bf1 Qg5 22. Kh2 Be5 23. g3 Qf6 24. Na4 Ng5 25. Qf2 Nfxh3 26. Bxh3 Nxh3 27. Qg2 Qh4 28. f4 Qh5 29. Qd2 Ng5+ 30. Kg2 Qh3+ 31. Kg1 Nf3+ 32. Kf2 Nxd2 33. Rh1 Nxe4+ 0-1

[Event "Albacete op U2300 1st"]
[Site "Albacete"]
[Date "2012.04.29"]
[Round "5"]
[White "Villasenor Rubio, Emilio Jose"]
[Black "Pena Riasco, Alexander"]
[Result "0-1"]
[WhiteElo "2136"]
[BlackElo "2219"]
[PlyCount "138"]
[EventDate "2012.04.27"]
[EventType "swiss"]
[EventRounds "9"]
[EventCountry "ESP"]
[SourceTitle "EXT 2014"]
[Source "ChessBase"]
[SourceDate "2013.11.20"]
[SourceVersion "1"]
[SourceVersionDate "2013.11.20"]
[SourceQuality "1"]

1. e4 d5 2. exd5 Qxd5 3. Nc3 Qa5 4. d4 Nf6 5. Nf3 c6 6. Bc4 Bf5 7. Bd2 e6 8. Qe2 Bb4 9. Ne5 Nbd7 10. Nxd7 Nxd7 11. a3 Nf6 12. 0-0-0 Bxc3 13. Bxc3 Qc7 14. d5 cxd5 15. Bxd5 Nxd5 16. Rxd5 0-0 17. Rd4 Rfd8 18. Rc4 Qd6 19. g4 Bg6 20. h4 Qd5 21. Rg1 b5 22. Rc7 Qa2 23. b3 Rac8 24. Rd1 Rxd1+ 25. Qxd1 Qxa3+ 26. Bb2 Qf8 27. Qd7 Rd8 28. Qxb5 Qd6 29. Be5 Qa3+ 30. Bb2 Qd6 31. Be5 Qd2+ 32. Kb1 a6 33. Qc5 Bxc2+ 34. Qxc2 Qe1+ 35. Ka2 Qxe5 36. Rc8 Qa5+ 37. Kb2 h6 38. f3 g6 39. Qc1 Rxc8 40. Qxc8+ Kg7 41. Qc4 e5 42. h5 gxh5 43. gxh5 Qb5 44. Qg4+ Kf6 45. Qg8 Qe2+ 46. Ka3 Qxf3 47. Qh8+ Kg5 48. Qxe5+ Qf5 49. Qe2 Qe6 50. Qf3 f5 51. b4 f4 52. Kb2 Qc4 53. Ka3 Qd4 54. Ka4 Qd7+ 55. Ka3 Qe6 56. Kb2 Qd6 57. Kb3 Qd2 58. Kc4 Qe3 59. Qd5+ Kg4 60. Qf7 f3 61. Qg6+ Kh4 62. Qf6+ Kxh5 63. Qf5+ Kh4 64. Qf6+ Kg3 65. Qg6+ Kf2 66. Qf5 Kf1 67. Qh3+ Ke1 68. Qg3+ Qf2 69. Qh3 Qf1+ 0-1

[Event "La Roda op 39th"]
[Site "La Roda"]
[Date "2012.04.05"]
[Round "3"]
[White "Lalic, Bogdan"]
[Black "Villasenor Rubio, Emilio Jose"]
[Result "1-0"]
[WhiteElo "2469"]
[BlackElo "2136"]
[PlyCount "81"]
[EventDate "2012.04.04"]
[EventType "swiss"]
[EventRounds "9"]
[EventCountry "ESP"]
[SourceTitle "CBM 147 Extra"]
[Source "ChessBase"]
[SourceDate "2012.04.24"]
[SourceVersion "1"]
[SourceVersionDate "2012.04.24"]
[SourceQuality "1"]

1. d4 Nf6 2. Nf3 g6 3. c4 Bg7 4. Nc3 0-0 5. e4 d6 6. Be2 e5 7. Be3 Ng4 8. Bg5 f6 9. Bh4 Nc6 10. d5 Ne7 11. Nd2 Nh6 12. f3 g5 13. Bf2 f5 14. exf5 Nhxf5 15. Bd3 Nd4 16. Nb3 Nef5 17. 0-0 h5 18. Be4 Bd7 19. Nxd4 Nxd4 20. Ne2 Nxe2+ 21. Qxe2 Qe7 22. b4 Bh6 23. Be3 Qg7 24. Qd2 Rf6 25. a4 Raf8 26. c5 g4 27. Bxh6 Rxh6 28. fxg4 hxg4 29. Rxf8+ Kxf8 30. cxd6 cxd6 31. Qf2+ Qf6 32. Qxa7 Qh4 33. Qf2+ Qxf2+ 34. Kxf2 Rxh2 35. b5 Ke7 36. Rc1 Rh8 37. Rc7 Rc8 38. Rxd7+ Kxd7 39. Bf5+ Kc7 40. Bxc8 Kxc8 41. b6 1-0

[Event "Almansa op 6th"]
[Site "Almansa"]
[Date "2011.08.09"]
[Round "1"]
[White "Machin Arbelo, Pedro Alexis"]
[Black "Villasenor Rubio, Emilio Jose"]
[Result "0-1"]
[WhiteElo "2006"]
[BlackElo "2159"]
[PlyCount "108"]
[EventDate "2011.08.09"]
[EventType "swiss"]
[EventRounds "9"]
[EventCountry "ESP"]
[SourceTitle "CBM 144 Extra"]
[Source "ChessBase"]
[SourceDate "2011.10.28"]
[SourceVersion "1"]
[SourceVersionDate "2011.10.28"]
[SourceQuality "1"]

1. e4 e6 2. Nc3 d5 3. Nf3 Nf6 4. exd5 exd5 5. d4 Bd6 6. h3 0-0 7. Bd3 Re8+ 8. Be3 c6 9. 0-0 Nbd7 10. Re1 h6 11. Nh4 Ne4 12. Nxe4 dxe4 13. Nf5 Nf6 14. Nxd6 Qxd6 15. Bc4 b5 16. Bb3 Be6 17. c3 Nd5 18. a4 a6 19. Bd2 f5 20. f3 Nf6 21. fxe4 Nxe4 22. Bc2 Bd5 23. axb5 axb5 24. Rxa8 Rxa8 25. Rf1 Qg6 26. Bb3 Nxc3 27. Bxd5+ Nxd5 28. Qc2 Rf8 29. g4 Qd6 30. Rxf5 Qg3+ 31. Kf1 Qxh3+ 32. Kf2 Qh2+ 33. Kf3 Qh3+ 34. Kf2 Nf6 35. Ke1 Qxg4 36. Bf4 Qg1+ 37. Ke2 Qg2+ 38. Kd1 Qf1+ 39. Kd2 Qf2+ 40. Kd3 Qxc2+ 41. Kxc2 Nd5 42. Rxf8+ Kxf8 43. Bd6+ Kf7 44. Kd3 g5 45. Ke4 Ke6 46. Bf8 h5 47. Bh6 Nf6+ 48. Kf3 Kf5 49. Bf8 Ne4 50. Bb4 g4+ 51. Kg2 h4 52. Be1 h3+ 53. Kh2 Kf4 54. Ba5 Ke3 0-1

[Event "ESP-ch U16"]
[Site "Padron"]
[Date "2011.07.19"]
[Round "1"]
[White "Kalinovsky, Martin"]
[Black "Villasenor Rubio, Emilio Jose"]
[Result "0-1"]
[WhiteElo "1586"]
[BlackElo "2152"]
[PlyCount "76"]
[EventDate "2011.07.19"]
[EventType "swiss"]
[EventRounds "9"]
[EventCountry "ESP"]
[SourceTitle "CBM 143 Extra"]
[Source "ChessBase"]
[SourceDate "2011.08.29"]
[SourceVersion "1"]
[SourceVersionDate "2011.08.29"]
[SourceQuality "1"]

1. e4 c5 2. Nf3 Nc6 3. d4 cxd4 4. Nxd4 g6 5. Nc3 Bg7 6. Be3 Nf6 7. Bc4 0-0 8. 0-0 d6 9. h3 Bd7 10. Bb3 a5 11. a4 Rc8 12. Kh2 Nxd4 13. Bxd4 Bc6 14. f3 e6 15. Qd3 Qc7 16. f4 e5 17. fxe5 dxe5 18. Bf2 Nh5 19. Qe3 Rcd8 20. Rad1 Rd4 21. g3 Nf6 22. Rfe1 Rfd8 23. Qf3 Rxd1 24. Rxd1 Rxd1 25. Qxd1 Nxe4 26. Nxe4 Bxe4 27. Qd2 Bc6 28. Qe3 Qd7 29. Be1 Qd1 30. Qf2 Bf3 31. Qd2 e4 32. Qxd1 Bxd1 33. Bxa5 Bxb2 34. Kg2 Bd4 35. Bd5 b6 36. c3 bxa5 37. cxd4 Bxa4 38. Bxe4 Bb3 0-1